00301nam a2200109Ia 4500008004000000020001800040082001700058100002100075245002900096260005800125300000800183210210b1997 xxu||||| |||| 00| 0 eng d a81 7476 169 1 a371.425 GHOH aGHOSE (Jayanti). aHow to plan your career. aNew Delhi.bUBS Publisher''s Distributors Ltd.,c1997 a197